000 00294nam a22001337a 4500
008 180309b xxu||||| |||| 00| 0 eng d
020 _a0131101633
041 _aeng
080 _a004
100 _a28
101 _aSHK
245 _aThe programming language
_cKernighan,B.W
942 _2udc
_cBK
999 _c44625
_d44625